[Event "Modena Province-ch"]
[Site "Ceriano Laghetto"]
[Date "2010.02.??"]
[Round "6"]
[White "Borserini, Mirko"]
[Black "Origgio, Stefano"]
[Result "0-1"]
[WhiteElo "1449"]
[BlackElo "1668"]
[PlyCount "44"]
[EventDate "2010.02.02"]
[EventType "swiss"]
[EventRounds "6"]
[EventCountry "ITA"]
[SourceTitle "EXT 2024"]
[Source "ChessBase"]
[SourceDate "2023.10.10"]
[SourceVersion "1"]
[SourceVersionDate "2023.10.10"]
[SourceQuality "1"]

1. d4 Nf6 2. c4 e6 3. Nf3 b6 4. e3 Bb7 5. Be2 d5 6. Nc3 Be7 7. 0-0 0-0 8. Bd2 Nbd7 9. a3 dxc4 10. Bxc4 Ne4 11. Rc1 Ndf6 12. Bd3 Nxd2 13. Nxd2 c5 14. Ne2 Qd5 15. Nf4 Qd7 16. Nb3 cxd4 17. exd4 Nd5 18. Ne2 Bf6 19. Be4 Bg5 20. Rc2 Ne3 21. fxe3 Bxe3+ 22. Kh1 Bxe4 0-1

[Event "Modena Province-ch"]
[Site "Ceriano Laghetto"]
[Date "2010.02.??"]
[Round "3"]
[White "Borserini, Mirko"]
[Black "Squillante, Michele"]
[Result "1-0"]
[WhiteElo "1449"]
[BlackElo "1842"]
[PlyCount "131"]
[EventDate "2010.02.02"]
[EventType "swiss"]
[EventRounds "6"]
[EventCountry "ITA"]
[SourceTitle "EXT 2024"]
[Source "ChessBase"]
[SourceDate "2023.10.10"]
[SourceVersion "1"]
[SourceVersionDate "2023.10.10"]
[SourceQuality "1"]

1. d4 Nf6 2. Bg5 e6 3. e4 Be7 4. e5 Nd5 5. Bxe7 Qxe7 6. a3 d6 7. c4 Nf4 8. Nf3 0-0 9. Be2 dxe5 10. Nxe5 Rd8 11. Bf3 c5 12. 0-0 cxd4 13. Qd2 Ng6 14. Nxg6 hxg6 15. Re1 Qf6 16. Qb4 Nd7 17. Nd2 Nf8 18. Ne4 Qf4 19. c5 Rb8 20. c6 bxc6 21. Qc4 Qc7 22. b4 Qb6 23. Qc2 Bb7 24. Nc5 Ba8 25. Rac1 Rbc8 26. Red1 Nh7 27. Qd2 Nf6 28. Rc4 e5 29. Rdc1 Re8 30. Be4 Nxe4 31. Nxe4 Qd8 32. Nc5 Qf6 33. Qe2 Qf5 34. Re1 Red8 35. g4 Qg5 36. Ne4 Qe7 37. Nc5 Qd6 38. Qd3 Qf6 39. Re2 Qg5 40. h3 f5 41. f3 Qf4 42. Qb3 Kh8 43. Rf2 Qe3 44. Qxe3 dxe3 45. Re2 f4 46. Ne4 Rd4 47. Rc5 Rd5 48. Ng5 Rxc5 49. bxc5 Kg8 50. h4 Rd8 51. Ne4 Kf8 52. Nd6 Ke7 53. Rc2 Rd7 54. Rb2 Rd8 55. Kf1 Ke6 56. Ke2 Kd7 57. Rb4 Kc7 58. Ra4 a5 59. Rxa5 Bb7 60. Ra7 Rb8 61. Nc4 Ra8 62. Rxa8 Bxa8 63. Nxe5 Bb7 64. Nxg6 Ba6+ 65. Ke1 Bd3 66. Nxf4 1-0

[Event "Modena Province-ch"]
[Site "Ceriano Laghetto"]
[Date "2010.02.??"]
[Round "1"]
[White "Pandini, Giuseppe"]
[Black "Borserini, Mirko"]
[Result "1/2-1/2"]
[WhiteElo "1702"]
[BlackElo "1449"]
[PlyCount "40"]
[EventDate "2010.02.02"]
[EventType "swiss"]
[EventRounds "6"]
[EventCountry "ITA"]
[SourceTitle "EXT 2024"]
[Source "ChessBase"]
[SourceDate "2023.10.10"]
[SourceVersion "1"]
[SourceVersionDate "2023.10.10"]
[SourceQuality "1"]

1. f4 d5 2. Nf3 c5 3. e3 Nc6 4. Bb5 Bd7 5. 0-0 a6 6. Bxc6 Bxc6 7. Ne5 Rc8 8. Nxc6 Rxc6 9. b3 Nf6 10. Bb2 e6 11. Qf3 c4 12. Bd4 Bd6 13. Nc3 0-0 14. Rab1 b5 15. bxc4 Rxc4 16. d3 Rc6 17. Qd1 Qe7 18. Bxf6 Qxf6 19. Ne2 Rfc8 20. c3 e5 1/2-1/2

[Event "Modena Province-ch"]
[Site "Ceriano Laghetto"]
[Date "2010.02.??"]
[Round "2"]
[White "Santarelli, Sabatino"]
[Black "Borserini, Mirko"]
[Result "1/2-1/2"]
[WhiteElo "1658"]
[BlackElo "1449"]
[PlyCount "100"]
[EventDate "2010.02.02"]
[EventType "swiss"]
[EventRounds "6"]
[EventCountry "ITA"]
[SourceTitle "EXT 2024"]
[Source "ChessBase"]
[SourceDate "2023.10.10"]
[SourceVersion "1"]
[SourceVersionDate "2023.10.10"]
[SourceQuality "1"]

1. e4 c5 2. Nf3 Nc6 3. c3 d5 4. exd5 Qxd5 5. Be2 g6 6. 0-0 Bg7 7. Na3 Qd8 8. Bb5 Bd7 9. Re1 a6 10. Bf1 Bg4 11. h3 Bf5 12. Nc2 Nf6 13. d4 Bxc2 14. Qxc2 cxd4 15. Bd2 Rc8 16. a3 0-0 17. Rad1 Re8 18. Bg5 e5 19. cxd4 Nxd4 20. Qd3 Nxf3+ 21. Qxf3 Qb6 22. Bxf6 Bxf6 23. Rd7 e4 24. Rxe4 Qc6 25. Rxe8+ Rxe8 26. Qxc6 bxc6 27. b3 Re1 28. a4 a5 29. Rc7 Rc1 30. g3 Bd4 31. Rd7 c5 32. Re7 Rb1 33. Kg2 Rb2 34. Re2 Rxb3 35. Rc2 Rb2 36. Rxb2 Bxb2 37. Bc4 Kg7 38. f4 f5 39. Kf3 Kf6 40. g4 fxg4+ 41. hxg4 h6 42. Ke4 h5 43. Kf3 h4 44. g5+ Kg7 45. Be6 Bc1 46. Kg4 h3 47. Kxh3 Bxf4 48. Kg4 Bc1 49. Bc4 Kf8 50. Bd3 Kg7 1/2-1/2